OpenGL multiplatformová aplikácia pre vizualizáciu dát z atomistických simulácií

Guardado en:
Detalles Bibliográficos
Autor principal: Vizváry, Michal (Autor)
Otros Autores: Konôpka, Martin (Orientador)
Formato: Manuscrito Libro
Lenguaje:eslovaco
Publicado: 2025
Materias:
Acceso en línea:http://is.stuba.sk/zp/portal_zp.pl?podrobnosti=184437
Etiquetas: Agregar Etiqueta
Sin Etiquetas, Sea el primero en etiquetar este registro!

MARC

LEADER 00000ntm a22000003a 4500
001 stuzp105568
003 SK-STU
005 20250614213934.3
007 ta
008 150427s2015----xo-----f-mn---000-0-slo-d
040 |a STU  |b slo 
041 0 |a slo 
100 1 |a Vizváry, Michal  |u 036000  |4 aut  |U FEI Fakulta elektrotechniky a informatiky  |T FEI Ústav jadrového a fyzikálneho inžinierstva  |X 111488  |U E060  |Y 817  |7 111488 
242 0 1 |a OpenGL multiplatform application for visualisation of data from atomistic simulations  |y eng 
245 1 0 |a OpenGL multiplatformová aplikácia pre vizualizáciu dát z atomistických simulácií 
260 |c 2025 
650 4 |a atomistic simulations  |2 eng 
650 4 |a molecular geometry  |2 eng 
650 4 |a molecular visualization  |2 eng 
650 4 |a C++  |2 eng 
650 4 |a 3D visualization  |2 eng 
650 4 |a OpenGL  |2 eng 
650 4 |a 3D vizualizácia  |2 slo 
650 4 |a atomistické simulácie  |2 slo 
650 4 |a OpenGL  |2 slo 
650 4 |a geometria molekúl  |2 slo 
650 4 |a molekulová vizualizácia  |2 slo 
650 4 |a C++  |2 slo 
700 1 |a Konôpka, Martin  |u 036000  |k Z1  |4 ths  |U FEI Fakulta elektrotechniky a informatiky  |T FEI Ústav jadrového a fyzikálneho inžinierstva  |X 1912  |U E060  |Y 817  |7 A000001912 
856 4 |u http://is.stuba.sk/zp/portal_zp.pl?podrobnosti=184437